000 00958nam a22002655i 4500
001 67104
003 ES-MaACL
005 20250806062528.0
007 t|
008 940110s1993 sp ||||0| spa d
020 _a84-7812-219-2
040 _aM-BN
_bspa
_cM-BN
080 _a929 Losada, José
100 1 _aBenito Ruano, Eloy.
_927689
245 1 0 _aLosada, el relojero de la Puerta del Sol /
_cpor Eloy Benito Ruano.
260 _aMadrid :
_bAyuntamiento de Madrid, Servicios Culturales :
_bInstituto de Estudios Madrileños,
_c1993.
300 _a24 p ;
_c22 cm.
490 1 _aCiclo de conferencias: El Madrid de Isabel II ;
_v15
500 _aPrecede al tít.: Aula de Cultura.
600 0 4 _aLosada, José,
_d1797-1870
_974257
710 2 _aInstituto de Estudios Madrileños
_94916
830 0 _aCiclo de conferencias: El Madrid de Isabel II ;
_v15
_9230872
852 _aES-MaACL
_j2172-F-5
_bR.130592
999 _c67104
_d67104